| 000 | 00500nam a2200181Ia 4500 | ||
|---|---|---|---|
| 003 | OSt | ||
| 005 | 20230524161718.0 | ||
| 008 | 210423s2002 xx 000 0 und d | ||
| 040 | _cAL | ||
| 041 | _aeng | ||
| 082 |
_a658 _223 _bRAOP |
||
| 100 |
_aRAO (V Suryaprakasa);SATHYANARAYANA (P). _9112941 |
||
| 245 | _aPrinciples and practice of management. | ||
| 260 |
_aNew Delhi _bSultan Chand & Sons _c2002 |
||
| 365 |
_b125 _cINR |
||
| 906 | _amanagement. ; practice ; Principles | ||
| 942 |
_2ddc _cBK |
||
| 999 |
_c172930 _d172930 |
||